000 00699nam a2200217Ia 4500
003 GCL
008 140319s9999 xx 000 0 ara d
040 _aGCL /
_cGCL
082 0 4 _aط
_b813.02
_bا ح
100 1 _aاحمد الحوفى
245 1 0 _aحكاية الزهرة التى حاولت تغير لونها /
_cاحمد الحوفى
700 1 _aسميرة المرصفى (رسوم)
260 _a[S.N] :
_bالهيئة المصرية العامة للكتاب ،
_c1995
300 _aغير محدد
490 _a
650 0 4 _aالاطفال
650 0 4 _aالقصص العربية القصيرة
650 0 4 _aالقصص
650 0 4 _aقصص الاطفال
942 _2ddc
_cBK
999 _c33272
_d33272